00359 2200157 4500001002100000008004100021035002000062245002200082100001100104260002400115300001600139084001400155082000800169650001000177990001400187INLIS000000000000176 ind  a0010-0226000176 aJUZ 'AMMAcWakkaf aWakkaf aDepok:bSabiqc2009 a47hlmc23cm a200 EDI j a200 aAgama aP/3664/11